| 000 | 00405nam a2200169Ia 4500 | ||
|---|---|---|---|
| 008 | 221030s9999 xx 000 0 und d | ||
| 020 | _a1403930880 | ||
| 041 | _aEnglish | ||
| 082 |
_a105.23 _bFad |
||
| 100 | _aA. Fadia | ||
| 245 | 0 |
_aNetwork Security : A Hacker`s Perspective _cby A. Fadia |
|
| 250 | _a2nd | ||
| 260 |
_bMacmillan _aDelhi _c2006 |
||
| 300 | _a356 | ||
| 650 | _aComputers | ||
| 942 | _cBK | ||
| 999 |
_c3361 _d3361 |
||